000 00963nam a2200277Ia 4500
003 OSt
005 20210601114535.0
008 030813s1999 ck y 00gr0 spa d sspa
020 _a0
022 _a01223054
040 _aCO-JMCR
_cCO-JMCR
041 0 _aspa
082 0 4 _a330.986 /
_bR436s
_223
100 1 _aRestrepo Moreno, Luis Alberto
_eautor
_926352
245 1 0 _aSíntesis' 99 :
_banuario social, político y económico de Colombia /
_cLuis Alberto Restrepo Moreno
250 _aPrimera edición
260 _aBogotá :
_bTercer mundo,
_c1999.
300 _a239 páginas ;
_c23 cm.
500 _a0
505 _aColombia en la encrucijada decisiva. -- Análisis sectoriales. -- Estado y política. -- Economía. -- Cronología. -- Estadísticas
650 1 4 _aViolencia política.
_926354
650 2 4 _aCondiciones sociales.
_938035
650 2 4 _aCondiciones económicas.
_938036
650 2 4 _aRelaciones internacionales
_938037
942 _2ddc
_cBK
999 _c11751
_d11751